000 00303nam a22001337a 4500
999 _c41244
_d41244
003 OSt
005 20210408143704.0
008 210408b ||||| |||| 00| 0 eng d
040 _coclc
100 _98576
_aGovindan Master K K
245 _aAbhijnana Sakundalam
300 _a140 pages
942 _2ddc
_cBK